| 000 | 01093nam a2200205Ia 4500 | ||
|---|---|---|---|
| 003 | Ost | ||
| 005 | 20260507075123.0 | ||
| 008 | 260507s9999||||xx |||||||||||||| ||und|| | ||
| 040 | _cfsecg | ||
| 041 | _aara | ||
| 082 | _a330 | ||
| 100 |
_aبندق، وائل أنور _eمؤلف |
||
| 245 | 0 |
_aالعلامات التجارية والنماذج الصناعية في دول مجلس التعاون الخليجي / _c وائل أنور بندق |
|
| 260 |
_aالإسكندرية: _bدار الفكر الجامعي, _c2006 |
||
| 300 |
_a276 صفحة؛ _c24 سم |
||
| 520 | _aالعلامات التجارية في السعودية-العلامات التجارية في البحرين -العلامات التجارية في الإمارات-العلامات التجارية في الكويت-العلامات التجارية في سلطنة عمان-العلامات التجارية في قطر-معاهدة قانون العلامات ولائحة تنفيذها | ||
| 653 | _aالجرائم والعقوبات | ||
| 653 | _aالعلامات التجارية | ||
| 942 | _cكتاب | ||
| 999 |
_c43105 _d43105 |
||